000 00746nam a2200241 a 4500
001 BRCA_7567
005 20190320205906.0
008 070613s1952----sp-a######---#000-0#spa-#
041 _aspa
044 _asp
050 4 _aNA5801
_b.S27 1952
100 1 _aSarthou Carreres, Carlos
_97861
245 1 0 _aCatedrales de España
_bsu pasado y su presente
_cCarlos Sarthou Carreres ; prólogo de Ángel Dotor.
260 _aMadrid
_bEspasa-Calpe
_c1952
300 _aviii, 434 p.
_bil. a color, 2 láminas
_c25 cm.
500 _aIncluye índice de grabados
500 _aS48
650 1 4 _aCatedrales
_zEspaña
_918667
650 1 4 _aArquitectura religiosa
_zEspaña
_97863
700 1 _aDotor, Angel
_epról.
_918668
902 _aGFM
942 _2lcc
_cB
999 _c7241
_d7241